LEADER 05363oam 2200685I 450 001 9910465363703321 005 20200520144314.0 010 $a1-134-11298-X 010 $a0-203-40534-X 024 7 $a10.4324/9780203405345 035 $a(CKB)2560000000102542 035 $a(EBL)1211720 035 $a(SSID)ssj0000888114 035 $a(PQKBManifestationID)12446404 035 $a(PQKBTitleCode)TC0000888114 035 $a(PQKBWorkID)10865520 035 $a(PQKB)11291846 035 $a(MiAaPQ)EBC1211720 035 $a(PPN)195061446 035 $a(Au-PeEL)EBL1211720 035 $a(CaPaEBR)ebr10719764 035 $a(CaONFJC)MIL497061 035 $a(OCoLC)847950106 035 $a(OCoLC)847525169 035 $a(EXLCZ)992560000000102542 100 $a20180706d2013 uy 0 101 0 $aeng 135 $aur|n|---||||| 181 $ctxt 182 $cc 183 $acr 200 00$aRoutledge handbook of international organization /$fedited by Bob Reinalda 210 1$aMilton Park, Abingdon, Oxon :$cRoutledge,$d2013. 215 $a1 online resource (1412 p.) 225 1 $aRoutledge handbooks 300 $aDescription based upon print version of record. 311 $a0-415-50143-1 320 $aIncludes bibliographical references at the end of each chapters and index. 327 $aCover; Half Title; Title Page; Copyright Page; Table of Contents; List of figures; List of tables and annexes; Contributors; Abbreviations; This volume; 1. International organization as a field of research since 1910; The early years of the field; A new way of thinking about cooperation between states; Realism: less and more nuanced; A new research programme: opening up the black box; Regimes and institutions, rather than organizations; The English School on institutions; Constructivism and international organizations; Multilaterism and global governance 327 $aNGOs, social movements and transnational advocacy networksInternational organizations as organizations: neo-institutionalism; The internal functioning of international organizations; Conclusion; References; Part I: Documentation, data sets and sources; 2. International organizations: available information and documentation; League of Nations documentation; Purpose and structure of United Nations documentation; Global issues on the UN agenda; Intergovernmental organizations in a broader context; Regional and multiregional organizations 327 $aInternational law, technical agencies, and the environmentInternational documentation in the digital era; References; 3. Data sets and quantitative research in the study of intergovernmental organizations; Correlates of War international governmental organization data set; Examples of organization-specific data sets; Future applications of quantitative data on IGOs; Notes; References; 4. Data and analyses of voting in the United Nations General Assembly; Description of United Nations voting data; Voting patterns in the United Nations General Assembly 327 $aUnited Nations votes as indicators for state preferencesConclusion; Notes; References; 5. The INGO research agenda: a community approach to challenges in method and theory; Challenges of researching INGOs; Moving research forward; Conclusion; References; 6. Globalized public opinion data: international comparative surveys and regional barometers; Public opinion data in a globalized world; Development of international comparative surveys; International comparative surveys; Commercial survey; Other comparative international surveys; Conclusion; References 327 $a7. What does transnational history tell us about a world with international organizations? The historians' point of viewA transnational history perspective; International organizations in transnational perspective; Assessing the Palgrave Dictionary of Transnational History; The League of Nations Search Engine (LONSEA); Conclusion; Notes; References; 8. International organizations and the idea of equality; Inequality, the classical state system and its legacies; The United Nations, decolonization and the evolution of the idea of international equality 327 $aInequality globalizes: neoliberalism and global economic integration 330 $aThis Handbook brings together scholars whose essays discuss significant issues with regard to international organization as a process and international organizations?as institutions. Although the focus is on intergovernmental organizations (IGOs), non-governmental organizations (NGOs) are discussed where relevant. The handbook is divided into six parts:Documentation, Data Sets and SourcesInternational Secretariats as BureaucraciesActors within International BureaucraciesProcesses within International BureaucraciesChallenges to Internationa 410 0$aRoutledge handbooks. 606 $aInternational agencies$xHistory 606 $aInternational organization$xHistory 608 $aElectronic books. 615 0$aInternational agencies$xHistory. 615 0$aInternational organization$xHistory. 676 $a341.2 701 $aReinalda$b Bob$0280982 801 0$bMiAaPQ 801 1$bMiAaPQ 801 2$bMiAaPQ 906 $aBOOK 912 $a9910465363703321 996 $aRoutledge handbook of international organization$91908463 997 $aUNINA LEADER 00959nam 2200265 450 001 996710279703316 005 20260223175749.0 100 $a20260223d2003----km y0itay5003 ba 101 0 $aita 102 $aIT 105 $ay 00 y 200 1 $aNuovi movimenti religiosi tra pretesa uniformità di qualificazione e reale diversificazione dei relativi profili ...$fGiuseppe D'Angelo 210 $aMilano$cGiuffrè$d2003 215 $a[710]-761 p.$d23 cm 300 $aEstratto da: Il diritto ecclesiastico, anno 94, fasc. 2 (2003) 606 0 $aMovimenti religiosi$2BNCF 676 $a306.6 700 1$aD'ANGELO,$bGiuseppe$f<1969- >$0286574 801 0$aIT$bcba$gREICAT 912 $a996710279703316 951 $aXVI.7.Misc. 2434$b2490 FBUO$cXVI.7.Misc. 959 $aBK 969 $aFBUO 996 $aNuovi movimenti religiosi tra pretesa uniformità di qualificazione e reale diversificazione dei relativi profili ..$94544797 997 $aUNISA